| 000 | 00898cab a2200277 4500 | ||
|---|---|---|---|
| 001 | ABS49895 | ||
| 008 | 090401t1994 xxu||||| |||| 00| 0 eng d | ||
| 035 | _a(Sirsi) u73240 | ||
| 041 | _aeng | ||
| 100 | _aWheatley, C. | ||
| 245 | _aAuctions | ||
| 260 | _c1994 | ||
| 350 | _a0 | ||
| 490 |
_aCSW - The Property Week _v46(4) 27 January 1994, 30-31(2) |
||
| 520 | _aReviews how figures from the Auction Results Analysis System (ARAS), a quarterly investment report produced by Jones Lang Wootton, compares with a list of key auction investment deals. | ||
| 650 | _aARAS ALL PROPERTY INITIAL YIELD | ||
| 650 | _aAUCTION MARKET | ||
| 650 | _aAUCTION RESULTS | ||
| 650 | _aINVESTMENT PROPERTY | ||
| 650 | _aJLW AUCTION RESULTS ANALYSIS SYSTEM | ||
| 650 |
_aAuctioneering _96218 |
||
| 650 | _aSECONDARY PROPERTY | ||
| 690 |
_aAuctioneering _96218 |
||
| 942 | _n0 | ||
| 948 | _c04/03/1997 | ||
| 999 |
_c46316 _d46316 |
||